Loading...
| Science - Biology | 0 | 4 | 0 | 3 | 40 | 116 | 121.50 | 0 | 0 | -0.07 | 5.83 |
| History - World | 0 | 3 | 1 | 1 | 25 | 78 | 107.00 | 1 | 2 | 4.47 | 18.06 |
| Pop Culture | 0 | 2 | 0 | 0 | 20 | 39 | 44.00 | 0 | 1 | 34.18 | 25.00 |
| History - American | 0 | 3 | 2 | 1 | 20 | 89 | 108.33 | 0 | 0 | 3.29 | 9.72 |
| History - Other | 0 | 2 | 0 | 0 | 20 | 113 | 118.00 | 0 | 0 | 1.72 | 5.56 |
| History - European | 0 | 2 | 1 | 2 | 15 | 101 | 113.00 | 0 | 0 | 1.61 | 2.78 |
| Current Events | 0 | 1 | 0 | 0 | 10 | 65 | 65.00 | 0 | 1 | 22.92 | 25.00 |
| Fine Arts - Painting and Sculpture | 0 | 1 | 0 | 1 | 10 | 128 | 128.00 | 0 | 0 | 0.00 | 1.39 |
| Social Science | 0 | 1 | 0 | 1 | 10 | 113 | 113.00 | 0 | 0 | 0.00 | 1.39 |
| Science - Chemistry | 0 | 1 | 1 | 0 | 5 | 116 | 116.00 | 0 | 0 | 0.34 | 2.78 |
| Science - Other | 0 | 0 | 0 | 0 | 0 | 0.00 | 0 | 0 | 0.00 | 0.00 | |
| Science - Physics | 0 | 1 | 2 | 0 | 0 | 106 | 106.00 | 0 | 1 | 1.38 | 4.17 |
| Fine Arts - Other | 0 | 0 | 1 | 0 | -5 | 0.00 | 0 | 0 | 0.00 | 0.00 | |
| Philosophy | 0 | 0 | 1 | 0 | -5 | 0.00 | 0 | 0 | 0.00 | 0.00 |